Catálogo público

Setenta años de historia del Instituto Politécnico Nacional (Record no. 95002)

MARC details
000 -CABECERA
campo de control de longitud fija 01915nam a22004457a 4500
003 - IDENTIFICADOR DEL NÚMERO DE CONTROL
campo de control CHAP
005 - FECHA Y HORA DE LA ÚLTIMA TRANSACCIÓN
campo de control 20220817044224.0
008 - DATOS DE LONGITUD FIJA--INFORMACIÓN GENERAL
campo de control de longitud fija 080806d2008 mx a r 00110 spa d
010 ## - NÚMERO DE CONTROL DE LA BIBLIOTECA DEL CONGRESO
Número de control de LC 95002
011 ## - ENLACE DEL NUMERO DE CONTROL DE LA BIBLIOTECA DEL CONGRESO [OBSOLETO]
Número de control de LC 95974
020 ## - NÚMERO INTERNACIONAL ESTÁNDAR DEL LIBRO
Número Internacional Estándar del Libro 9703603661
035 ## - NÚMERO DE CONTROL DEL SISTEMA
Número de control de sistema 106611
040 ## - FUENTE DE LA CATALOGACIÓN
Centro/agencia transcriptor CHAP
082 04 - NÚMERO DE LA CLASIFICACIÓN DECIMAL DEWEY
Número de clasificación 378.7253
Número de documento/Ítem C35
100 1# - ENTRADA PRINCIPAL--NOMBRE DE PERSONA
Nombre de persona Calvillo Velasco, Max
9 (RLIN) 17608
245 10 - MENCIÓN DE TÍTULO
Título Setenta años de historia del Instituto Politécnico Nacional
Mención de responsabilidad, etc. /por Max Calvillo Velasco, Lourdes Rocío Ramírez Palacios y Maricela López Guardado
260 ## - PUBLICACIÓN, DISTRIBUCIÓN, ETC.
Lugar de publicación, distribución, etc. México, D.F. :
Nombre del editor, distribuidor, etc. IPN,
Fecha de publicación, distribución, etc. 2006
300 ## - DESCRIPCIÓN FÍSICA
Extensión 4 v. :
Otras características físicas ilus. ; tablas
500 ## - NOTA GENERAL
Nota general La biblioteca tiene : v.1 [1821-1952]. -- v.2 [1953-1976]. -- v.3 Pte.1y2 [1977-2004]. -- v.4 Pte.1y2 [monografías]
590 ## - NOTA LOCAL (RLIN)
Nota local BATCH-UPD
Procedencia (VM) [OBSOLETO] 10
Condición del los carretes individuales (VM) [OBSOLETO] 20130110
-- UCH01
-- 0315
590 ## - NOTA LOCAL (RLIN)
Nota local BATCH-UPD
Procedencia (VM) [OBSOLETO] 10
Condición del los carretes individuales (VM) [OBSOLETO] 20130110
-- UCH01
-- 1842
590 ## - NOTA LOCAL (RLIN)
Nota local BATCH-UPD
Procedencia (VM) [OBSOLETO] 10
Condición del los carretes individuales (VM) [OBSOLETO] 20130409
-- UCH01
-- 2348
590 ## - NOTA LOCAL (RLIN)
Nota local BATCH-UPD
Procedencia (VM) [OBSOLETO] 10
Condición del los carretes individuales (VM) [OBSOLETO] 20130914
-- UCH01
-- 1238
590 ## - NOTA LOCAL (RLIN)
Nota local CONVERSION
Procedencia (VM) [OBSOLETO] 10
Condición del los carretes individuales (VM) [OBSOLETO] 20130109
-- UCH01
-- 1353
650 14 - PUNTO DE ACCESO ADICIONAL DE MATERIA--TÉRMINO DE MATERIA
Término de materia o nombre geográfico como elemento de entrada Educación superior.
650 14 - PUNTO DE ACCESO ADICIONAL DE MATERIA--TÉRMINO DE MATERIA
Término de materia o nombre geográfico como elemento de entrada Educación técnica
Subdivisión general México.
9 (RLIN) 35678
650 14 - PUNTO DE ACCESO ADICIONAL DE MATERIA--TÉRMINO DE MATERIA
Término de materia o nombre geográfico como elemento de entrada Educación
Subdivisión general Historia
Subdivisión geográfica México.
9 (RLIN) 35454
700 1# - PUNTO DE ACCESO ADICIONAL--NOMBRE DE PERSONA
Nombre de persona López Guardado, Maricela.
9 (RLIN) 67947
700 1# - PUNTO DE ACCESO ADICIONAL--NOMBRE DE PERSONA
Nombre de persona Ramírez Palacios, Rocío.
9 (RLIN) 94179
710 0# - PUNTO DE ACCESO ADICIONAL--NOMBRE DE ENTIDAD CORPORATIVA
Nombre de entidad corporativa o nombre de jurisdicción como elemento de entrada Instituto Politécnico Nacional. México.
9 (RLIN) 59427
901 ## - ELEMENTOS DE DATOS A LOCAL LDA (RLIN)
a BK
911 ## - EQUIVALENCIA O REFERENCIA-CRUZADA-NOMBRE DE CONFERENCIA O REUNIÓN/CONGRESO [LOCAL, CANADÁ]
Nombre de congreso/reunión o jurisdicción como elemento de entrada en proceso
942 ## - ELEMENTOS DE PUNTO DE ACCESO ADICIONAL (KOHA)
Tipo de ítem Koha Libro
949 ## - PROCESAMIENTO DE INFORMACIÓN LOCAL (OCLC)
a 378.7253 C35
b BC
c LIBRO
d 33724002058488
e LIBRO
f v.1
h 109747
i 106611
s b
949 ## - PROCESAMIENTO DE INFORMACIÓN LOCAL (OCLC)
a 378.7253 C35
b BC
c LIBRO
d 33724002058520
e LIBRO
f v.2
h 109748
i 106611
s b
949 ## - PROCESAMIENTO DE INFORMACIÓN LOCAL (OCLC)
a 378.7253 C35
b BC
c LIBRO
d 33724002058561
e LIBRO
f v.3 Pte.1
h 109749
i 106611
s b
949 ## - PROCESAMIENTO DE INFORMACIÓN LOCAL (OCLC)
a 378.7253 C35
b BC
c LIBRO
d 33724002058603
e LIBRO
f v.3 Pte.2
h 109750
i 106611
s b
949 ## - PROCESAMIENTO DE INFORMACIÓN LOCAL (OCLC)
a 378.7253 C35
b BC
c LIBRO
d 33724002058644
e LIBRO
f v.4 Pte.1
h 109751
i 106611
s b
949 ## - PROCESAMIENTO DE INFORMACIÓN LOCAL (OCLC)
a 378.7253 C35
b BC
c LIBRO
d 33724002058686
e LIBRO
f v.4 Pte.2
h 109752
i 106611
s b
Holdings
Estado de retiro Estado de pérdida Fuente del sistema de clasificación o colocación Estado dañado Restricciones de uso No para préstamo Código de colección Localización permanente Ubicación/localización actual Ubicación en estantería Fecha de adquisición Información codificada de la localización en otra ubicación Total de préstamos Signatura topográfica completa Código de barras Fecha visto por última vez Número de copia Precio válido a partir de Tipo de ítem Koha
    Dewey Decimal Classification   Préstamo 15 días   General Biblioteca Central Biblioteca Central Planta alta - Colección General 31/12/2019 LIBRO   378.7253 C35 33724002058488 31/12/2019 v.1 31/12/2019 Libro
    Dewey Decimal Classification   Préstamo 15 días   General Biblioteca Central Biblioteca Central Planta alta - Colección General 31/12/2019 LIBRO   378.7253 C35 33724002058520 31/12/2019 v.2 31/12/2019 Libro
    Dewey Decimal Classification   Préstamo 15 días   General Biblioteca Central Biblioteca Central Planta alta - Colección General 31/12/2019 LIBRO   378.7253 C35 33724002058561 31/12/2019 v.3 Pte.1 31/12/2019 Libro
    Dewey Decimal Classification   Préstamo 15 días   General Biblioteca Central Biblioteca Central Planta alta - Colección General 31/12/2019 LIBRO   378.7253 C35 33724002058603 31/12/2019 v.3 Pte.2 31/12/2019 Libro
    Dewey Decimal Classification   Préstamo 15 días   General Biblioteca Central Biblioteca Central Planta alta - Colección General 31/12/2019 LIBRO   378.7253 C35 33724002058644 31/12/2019 v.4 Pte.1 31/12/2019 Libro
    Dewey Decimal Classification   Préstamo 15 días   General Biblioteca Central Biblioteca Central Planta alta - Colección General 31/12/2019 LIBRO   378.7253 C35 33724002058686 31/12/2019 v.4 Pte.2 31/12/2019 Libro